LEADER 01065nam a2200277 a 4500 001 000000171931 003 CaOOAMICUS 005 20190524172035.0 008 190524s2018 ii 000 u eng r 020 $a978-81-937193-1-2* 032 $aLibriCat 040 $aPUL(R)$bita 100 1 $aSingh, Indra Narayan.$0(OLS)http://pul/name/110368 245 10$aBuddhism in contemporary world / $cdr. I. N. Singh. 260 $aDelhi :$bPrashant publishing house,$c2018. 300 $a264 p. ;$c21 cm 504 $aBibliografia alle p. [259]-261. 650 4$aBuddismo.$0(OLS)http://pul/subject/39882 850 $aPUL 852 $aPUL$W1$xSL Religione 3$y85$m294. 3 SININ 1$j195781$qDDC 21$B200624$CPULBib$Z2$F200624 $H132774 $82 941 1 $a9 960 $aBuddhismo$939882 996 $6020$a978-81-937193-1-2*$9(OLS)http://pul/number/166090 996 $6245$aBuddhism in contemporary world / $9(OLS)http://pul/title/212797 996 $6260$aDelhi :$bPrashant publishing house$9(OLS)http://pul/publisher/87176 LEADER 01458nam a2200301 a 4500 001 000000172371 003 CaOOAMICUS 005 20250502160224.0 008 190722s2018 gau u000 u eng r 020 $a978-1-62837-189-5 032 $aLibriCat 040 $aPUL$bita 100 1 $aReymond, Eric D.,$d1969-$0(OLS)http://pul/name/87395 245 10$aIntermediate biblical hebrew grammar: $ba student's guide to phonology and morphology /$cEric D. Reymond. 260 $aAtlanta :$bSociety of Biblical Literature,$c2018. 300 $axx, 333 p. ;$c23 cm 490 1 $aResources for biblical study ;$v89 500 $aInclude riferimenti bibliografici ed indici. 500 $aBibliografia p. [289]-298. 630 04$aBiblia.$lEbraico$xStudio.$0(OLS)http://pul/subject/21351 650 4$aLingua ebraica$xMorfologia.$0(OLS)http://pul/subject/14567 830 0$aResources for biblical study (Society of Biblical Literature) ;$v89.$0(OLS)http://pul/title/31791 850 $aPUL 852 $aPUL$W1$xSL Religione 1$y3$m5 P 2.89$j196289$qStampati$B201055$CPULBib$Z2$F201055 $H133156 $81 996 $6020$a978-1-62837-189-5$9(OLS)http://pul/number/166454 996 $6245$aIntermediate biblical hebrew grammar: $ba student's guide to phonology and morphology$9(OLS)http://pul/title/213304 996 $6260$aAtlanta :$bSociety of Biblical Literature$9(OLS)http://pul/publisher/68936